Physics for scientists and engineers / (Record no. 181271)

000 -LEADER
fixed length control field 00724 a2200193 4500
003 - CONTROL NUMBER IDENTIFIER
control field Nust
005 - DATE AND TIME OF LATEST TRANSACTION
control field 20221125093356.0
010 ## - LIBRARY OF CONGRESS CONTROL NUMBER
LC control number 2009923972
020 ## - INTERNATIONAL STANDARD BOOK NUMBER
International Standard Book Number 9780495827818 (standard)
040 ## - CATALOGING SOURCE
Transcribing agency Nust
082 ## - DEWEY DECIMAL CLASSIFICATION NUMBER
Classification number 530,ACR
100 1# - MAIN ENTRY--PERSONAL NAME
Personal name Serway, Raymond A.
245 10 - TITLE STATEMENT
Title Physics for scientists and engineers /
Statement of responsibility, etc. Raymond A. Serway, John W. Jewett.
250 ## - EDITION STATEMENT
Edition statement 6th Ed.
260 ## - PUBLICATION, DISTRIBUTION, ETC.
Place of publication, distribution, etc. Boston, MA :
Name of publisher, distributor, etc. Cengage Wadsworth,
Date of publication, distribution, etc. 2009.
300 ## - PHYSICAL DESCRIPTION
Extent 1283p
505 ## - FORMATTED CONTENTS NOTE
Formatted contents note Part 1: Mechanics (Page-1), Part 2: Oscillations and Mechanical Waves (Page-451), Part 3: Thermodynamics (Page-579), Part 4: Electrify and Magnetism (Page-705), Part 5: Light and Optics (Page-1093), Modern Physics (Page-1243).
942 ## - ADDED ENTRY ELEMENTS (KOHA)
Source of classification or shelving scheme
Koha item type Book
Call number prefix 530,ACR
Holdings
Withdrawn status Lost status Source of classification or shelving scheme Damaged status Not for loan Permanent Location Current Location Shelving location Date acquired Total Checkouts Full call number Barcode Date last seen Date last checked out Price effective from Koha item type Public note
          Military College of Signals (MCS) Military College of Signals (MCS) General Stacks 12/12/2016 1 530,ACR MCS31626 01/15/2025 11/11/2024 12/12/2016 Book Almirah No.15, Shelf No.1
© 2023 Central Library, National University of Sciences and Technology. All Rights Reserved.